[Event "XIV Festival A"]
[Site "Robecchetto con Induno ITA"]
[Date "2002.12.27"]
[Round "2"]
[White "Corti, Corrado"]
[Black "Borroni, Enrico"]
[Result "1/2-1/2"]
[WhiteElo "2030"]
[BlackElo "1950"]
[PlyCount "37"]
[EventDate "2002.12.26"]

1. d4 d5 2. g3 c6 3. Bg2 Bf5 4. Nf3 h6 5. O-O Nf6 6. b3 e6 7. Bb2 Be7 8. Nbd2
O-O 9. Ne5 Qa5 10. Nd3 Nbd7 11. a4 Rac8 12. b4 Qc7 13. c3 Bxd3 14. exd3 e5 15.
dxe5 Nxe5 16. Qb1 Rfe8 17. Re1 Bd6 18. d4 Ng6 19. Qd3 1/2-1/2

[Event "XIV Festival A"]
[Site "Robecchetto con Induno ITA"]
[Date "2002.12.27"]
[Round "2"]
[White "Isella, Lorenzo"]
[Black "Sala, Gianni"]
[Result "1/2-1/2"]
[WhiteElo "1720"]
[BlackElo "1759"]
[PlyCount "69"]
[EventDate "2002.12.26"]

1. b3 e5 2. Bb2 Nc6 3. c4 d6 4. e3 Nf6 5. d3 Bf5 6. Nf3 Be7 7. Be2 O-O 8. a3 a5
9. O-O Nd7 10. Nc3 Re8 11. Nd5 Bf8 12. b4 Ne7 13. Rc1 c6 14. Nxe7+ Qxe7 15. Qb3
axb4 16. axb4 c5 17. Ra1 cxb4 18. Qxb4 Nc5 19. Rfd1 Rxa1 20. Bxa1 Bxd3 21. Bxd3
Nxd3 22. Rxd3 e4 23. Rd5 exf3 24. gxf3 Qc7 25. Rb5 Rc8 26. Rxb7 Qxc4 27. Qxc4
Rxc4 28. Bd4 Rc8 29. Rd7 Re8 30. Kg2 Re6 31. Rd8 f6 32. Rd7 Be7 33. f4 f5 34.
Kf3 Kf7 35. Bb2 1/2-1/2

[Event "XIV Festival A"]
[Site "Robecchetto con Induno ITA"]
[Date "2002.12.27"]
[Round "2"]
[White "Lucchese, Paolo"]
[Black "Cardani, Roberto"]
[Result "0-1"]
[WhiteElo "1836"]
[BlackElo "1722"]
[PlyCount "74"]
[EventDate "2002.12.26"]

1. e4 c5 2. Nf3 d6 3. d4 cxd4 4. Nxd4 Nf6 5. Nc3 a6 6. Bg5 e6 7. f4 Be7 8. Qf3
Qc7 9. O-O-O Nbd7 10. Bd3 b5 11. Rhe1 Bb7 12. Kb1 b4 13. Nd5 exd5 14. Nf5 Bf8
15. e5 dxe5 16. fxe5 Ne4 17. Nd6+ Bxd6 18. exd6 Qc6 19. Be7 Ne5 20. Qf5 Ng6 21.
Rf1 f6 22. Qh5 Bc8 23. Bxe4 dxe4 24. Bxf6 O-O 25. Be7 Rxf1 26. Rxf1 Be6 27. Qa5
Rc8 28. Rc1 Nxe7 29. dxe7 Qd6 30. Qg5 Re8 31. h4 Qd5 32. Qxd5 Bxd5 33. Rd1 Bc6
34. Rd6 Rxe7 35. Kc1 e3 36. Kd1 Bb5 37. b3 Rf7 0-1

[Event "XIV Festival A"]
[Site "Robecchetto con Induno ITA"]
[Date "2002.12.27"]
[Round "2"]
[White "Mrdja, Milan"]
[Black "Sgnaolin, Davide"]
[Result "1-0"]
[WhiteElo "2368"]
[BlackElo "2118"]
[PlyCount "135"]
[EventDate "2002.12.26"]

1. e4 c5 2. Nf3 Nc6 3. Bb5 g6 4. Bxc6 dxc6 5. d3 Bg7 6. h3 e5 7. O-O Qc7 8. a3
Nf6 9. b4 cxb4 10. axb4 O-O 11. Bb2 Nh5 12. Nbd2 Be6 13. Re1 Rfd8 14. Ng5 Nf4
15. Nxe6 Nxe6 16. Nf3 a5 17. Rxa5 Rxa5 18. bxa5 Qxa5 19. Qa1 Qxa1 20. Rxa1 f6
21. Ra7 Rd7 22. Nd2 Bf8 23. Nb3 Kf7 24. Kf1 Bd6 25. g3 Ke7 26. Bc1 Nd4 27. Nxd4
exd4 28. f4 Bc5 29. Ra5 b5 30. Ba3 Bxa3 31. Rxa3 Kd6 32. Ke2 Rb7 33. Kd2 b4 34.
Ra4 c5 35. Ra6+ Ke7 36. Rc6 Rb5 37. g4 h5 38. gxh5 gxh5 39. h4 Kf7 40. Rc7+ Kf8
41. Rh7 b3 42. cxb3 Rxb3 43. Rxh5 Rb2+ 44. Kc1 Rf2 45. Rxc5 Rxf4 46. h5 Rf3 47.
Kc2 Rh3 48. Rd5 Ke7 49. Rxd4 Rxh5 50. Kc3 Re5 51. Ra4 Rb5 52. Ra7+ Ke6 53. d4
Rb8 54. Kd3 Rb3+ 55. Kc4 Rb1 56. Ra6+ Ke7 57. Kd5 Rb5+ 58. Kc6 Rb4 59. Ra7+ Ke8
60. Kc5 Rb1 61. Kd6 Rb6+ 62. Kd5 Rb5+ 63. Ke6 Rb6+ 64. Kf5 Kf8 65. d5 Ke8 66.
Rc7 Rb4 67. Rc6 Ke7 68. Rxf6 1-0

[Event "XIV Festival A"]
[Site "Robecchetto con Induno ITA"]
[Date "2002.12.27"]
[Round "2"]
[White "Petrini, Roberto"]
[Black "Moncelli, Giorgio"]
[Result "1/2-1/2"]
[WhiteElo "1918"]
[BlackElo "2166"]
[PlyCount "96"]
[EventDate "2002.12.26"]

1. e4 e5 2. Nf3 Nc6 3. d4 exd4 4. Nxd4 Bc5 5. Nf5 Qf6 6. Nc3 Nge7 7. Be3 Bb4 8.
Ng3 O-O 9. Be2 d5 10. exd5 Nxd5 11. Qxd5 Bxc3+ 12. Kf1 Bxb2 13. Rb1 Be6 14. Qb5
Bd4 15. Nh5 Qe7 16. Bxd4 Nxd4 17. Qe5 Nf5 18. Bd3 f6 19. Qe4 g6 20. Re1 Rae8
21. Bc4 Bxc4+ 22. Qxc4+ Qf7 23. Nxf6+ Kh8 24. Qxf7 Rxe1+ 25. Kxe1 Rxf7 26. Ng4
Rd7 27. Ne3 Nxe3 28. fxe3 Rd5 29. Rf1 Kg7 30. Rf4 Rc5 31. Kd2 g5 32. Ra4 a5 33.
Rd4 Kg6 34. Kd3 b6 35. c4 Kf5 36. g3 h5 37. h3 Ke6 38. a4 Rf5 39. g4 hxg4 40.
hxg4 Rf1 41. Rd5 Kf6 42. c5 Rd1+ 43. Kc4 Rb1 44. cxb6 cxb6 45. Rb5 Rg1 46.
Rxb6+ Ke7 47. e4 Rxg4 48. Kd5 Rg1 1/2-1/2

[Event "XIV Festival A"]
[Site "Robecchetto con Induno ITA"]
[Date "2002.12.27"]
[Round "2"]
[White "Scuderi, David"]
[Black "Ticozzi, Stefano"]
[Result "1/2-1/2"]
[WhiteElo "1765"]
[BlackElo "1851"]
[PlyCount "59"]
[EventDate "2002.12.26"]

1. e4 c5 2. Nf3 Nc6 3. c3 d5 4. exd5 Qxd5 5. d4 e6 6. Be2 Nf6 7. O-O Be7 8. c4
Qd8 9. dxc5 Qxd1 10. Rxd1 Bxc5 11. Nc3 O-O 12. Bf4 a6 13. Bd6 Bxd6 14. Rxd6 Bd7
15. a3 Rfd8 16. Rad1 Be8 17. Rxd8 Rxd8 18. Rxd8 Nxd8 19. Ne5 Nc6 20. Nxc6 Bxc6
21. b4 Ne4 22. Nxe4 Bxe4 23. f4 Kf8 24. Kf2 Ke7 25. Bf3 Bxf3 26. Kxf3 Kd6 27.
Ke4 f6 28. g4 Kc6 29. Kd4 b6 30. Ke4 1/2-1/2

[Event "XIV Festival A"]
[Site "Robecchetto con Induno ITA"]
[Date "2002.12.27"]
[Round "3"]
[White "Annoni, Riccardo"]
[Black "Aranovitch, Emiliano"]
[Result "0-1"]
[WhiteElo "1858"]
[BlackElo "2192"]
[PlyCount "58"]
[EventDate "2002.12.26"]

1. e4 c5 2. Nc3 Nc6 3. g3 g6 4. d3 d6 5. Bg2 Bg7 6. Be3 Nf6 7. h3 Rb8 8. Qd2
Nd4 9. f4 O-O 10. Nf3 Nd7 11. O-O b5 12. g4 b4 13. Nd1 a5 14. f5 Bb7 15. c3
bxc3 16. bxc3 Nxf3+ 17. Bxf3 d5 18. Nf2 a4 19. Rab1 Qa5 20. c4 Qxd2 21. Bxd2
dxc4 22. dxc4 Bd4 23. Kg2 Ne5 24. Bf4 Ba6 25. Bxe5 Bxe5 26. Be2 Bd4 27. Rfc1
Rb4 28. a3 Rb3 29. Bd1 Rxa3 0-1

[Event "XIV Festival A"]
[Site "Robecchetto con Induno ITA"]
[Date "2002.12.27"]
[Round "3"]
[White "Cardani, Roberto"]
[Black "Petrini, Roberto"]
[Result "1/2-1/2"]
[WhiteElo "1722"]
[BlackElo "1918"]
[PlyCount "82"]
[EventDate "2002.12.26"]

1. e4 e5 2. Nf3 Nc6 3. Bb5 a6 4. Ba4 Nf6 5. O-O b5 6. Bb3 Bb7 7. Re1 Bc5 8. c3
d6 9. d4 Bb6 10. h3 h6 11. d5 Ne7 12. Nbd2 O-O 13. Nf1 Nd7 14. g4 Ng6 15. Be3
Nc5 16. Bc2 Nh4 17. Ng3 Qf6 18. Nf5 Nxf5 19. gxf5 c6 20. dxc6 Bxc6 21. Nd2 Rad8
22. Qg4 Kh7 23. h4 Rh8 24. Kh2 d5 25. exd5 Bxd5 26. f4 h5 27. Qg5 Qxg5 28. fxg5
g6 29. Rf1 Rhf8 30. b3 e4 31. fxg6+ fxg6 32. Rxf8 Rxf8 33. Rf1 Rxf1 34. Nxf1
Bc7+ 35. Ng3 Ne6 36. Kg2 Be5 37. Bxe4 Bxe4+ 38. Nxe4 Kg7 39. Kf3 Kf7 40. c4
bxc4 41. bxc4 Ng7 1/2-1/2

[Event "XIV Festival A"]
[Site "Robecchetto con Induno ITA"]
[Date "2002.12.27"]
[Round "3"]
[White "Cillo, Angelo"]
[Black "Brioschi, Camillo"]
[Result "1/2-1/2"]
[WhiteElo "1677"]
[BlackElo "1741"]
[PlyCount "124"]
[EventDate "2002.12.26"]

1. d4 d5 2. e3 Nf6 3. Bd3 e6 4. Nd2 c5 5. c3 Nc6 6. f4 Qc7 7. Ndf3 Be7 8. Ne5
O-O 9. Ngf3 Ne4 10. O-O f6 11. Nxc6 Qxc6 12. Qc2 c4 13. Be2 b5 14. Bd2 a5 15.
a3 Bd7 16. Be1 Be8 17. Nd2 Bg6 18. Nxe4 Bxe4 19. Qd2 f5 20. Bd1 Qe8 21. Bf3
Bxf3 22. Rxf3 Qf7 23. Qf2 Rfb8 24. Bd2 Qf8 25. Qe1 Rb7 26. Rh3 Rba7 27. Qg3 b4
28. Rh6 Qf7 29. a4 Rb7 30. Rh3 Rab8 31. Qf3 bxc3 32. Bxc3 Bb4 33. Qd1 Bxc3 34.
bxc3 Rb3 35. Qc1 Qb7 36. Rf3 Rb2 37. Rf1 Qb3 38. Qe1 Qc2 39. Rf2 Qxf2+ 40. Qxf2
Rxf2 41. Kxf2 Rb3 42. h3 Rxc3 43. Rb1 Rb3 44. Ra1 Kf7 45. g4 Ke7 46. Ke2 Kd7
47. g5 Kc7 48. Kd2 Rb2+ 49. Kc3 Rb3+ 50. Kd2 Kd7 51. h4 Ke8 52. h5 Kf7 53. Ra2
Ke7 54. Rc2 Kd7 55. h6 g6 56. Ra2 Kc7 57. Ke2 Rd3 58. Ra1 Rb3 59. Kd2 Rb2+ 60.
Kc1 Re2 61. Ra3 Kb7 62. Kd1 Rb2 1/2-1/2

[Event "XIV Festival A"]
[Site "Robecchetto con Induno ITA"]
[Date "2002.12.27"]
[Round "3"]
[White "Orsenigo, Davide"]
[Black "Lucchese, Paolo"]
[Result "0-1"]
[WhiteElo "1678"]
[BlackElo "1836"]
[PlyCount "100"]
[EventDate "2002.12.26"]

1. e4 c5 2. Nf3 d6 3. d4 cxd4 4. Nxd4 Nf6 5. Nc3 g6 6. f4 Nc6 7. Be2 Bg7 8. Be3
O-O 9. O-O Bd7 10. Kh1 Qc8 11. Bf3 Rd8 12. Qd2 b6 13. Rad1 Rb8 14. Nd5 Nxd5 15.
exd5 Nxd4 16. Bxd4 Bxd4 17. Qxd4 Qxc2 18. Rc1 Qa4 19. Qxa4 Bxa4 20. Rc7 Rd7 21.
Rfc1 Rbd8 22. R7c3 Rb7 23. Kg1 Bd7 24. Rc7 Rdb8 25. Kf2 Kf8 26. Ke3 Ke8 27.
R7c3 Kd8 28. Rd3 Rc8 29. Rcd1 Rc2 30. R1d2 Rbc7 31. g3 Kc8 32. Bd1 Rxd2 33.
Rxd2 Bf5 34. a3 h5 35. h4 Kb7 36. Kd4 b5 37. Bb3 Bg4 38. Ke3 Kb6 39. Kd4 a5 40.
Ba2 Rc1 41. Ke3 a4 42. b3 axb3 43. Bxb3 Rc3+ 44. Rd3 Rxd3+ 45. Kxd3 Kc5 46. Ke3
Bh3 47. Kf2 Bc8 48. Ke3 Bb7 49. f5 Bxd5 50. fxg6 Bxb3 0-1

[Event "XIV Festival A"]
[Site "Robecchetto con Induno ITA"]
[Date "2002.12.27"]
[Round "3"]
[White "Sala, Gianni"]
[Black "Scuderi, David"]
[Result "1/2-1/2"]
[WhiteElo "1759"]
[BlackElo "1765"]
[PlyCount "56"]
[EventDate "2002.12.26"]

1. e4 e6 2. d4 d5 3. Nd2 c5 4. exd5 exd5 5. Bb5+ Nc6 6. Ngf3 Bd7 7. O-O c4 8.
Re1+ Be7 9. c3 Nf6 10. Bxc6 bxc6 11. Qe2 h6 12. Qe5 Be6 13. Qe2 O-O 14. b4 a5
15. Ne5 Qc7 16. Ng6 Rfe8 17. Nxe7+ Rxe7 18. Ba3 Ree8 19. Qe5 Qxe5 20. Rxe5 a4
21. f3 Nd7 22. Re3 Bf5 23. Rae1 Nf6 24. Kf2 Rxe3 25. Rxe3 Re8 26. g4 Rxe3 27.
Kxe3 Bd3 28. Kf4 Nd7 1/2-1/2

[Event "XIV Festival A"]
[Site "Robecchetto con Induno ITA"]
[Date "2002.12.27"]
[Round "3"]
[White "Sgnaolin, Davide"]
[Black "Di Majo, Carlo"]
[Result "1/2-1/2"]
[WhiteElo "2118"]
[BlackElo "1800"]
[PlyCount "185"]
[EventDate "2002.12.26"]

1. e4 c6 2. Nf3 d5 3. Nc3 g6 4. d4 Bg7 5. exd5 cxd5 6. Bf4 a6 7. Qd2 Nc6 8. Be2
Nf6 9. Ne5 O-O 10. O-O Be6 11. Bf3 Rc8 12. Rfe1 Na5 13. Na4 Ne4 14. Qe2 b5 15.
Nc5 Nxc5 16. dxc5 Rxc5 17. b4 Rc4 18. Nxc4 Nxc4 19. Rab1 Qc8 20. Qd3 Rd8 21.
Be2 Bf5 22. Qb3 e5 23. Bg5 f6 24. Bc1 Nb6 25. Bd3 Be6 26. Bd2 Qc6 27. Rbc1 Rc8
28. c3 Bf7 29. Qd1 Be6 30. Be3 Na4 31. Bd2 f5 32. Bc2 Nb6 33. Bb3 Bf7 34. Be3
Nc4 35. Bc5 Na5 36. Qf3 Nb7 37. Be3 Nd6 38. Bd2 Ne4 39. Qd3 Nd6 40. Red1 Nc4
41. Qf3 e4 42. Qe2 Nb2 43. Rf1 Nd3 44. Rc2 Qd6 45. Rd1 Be5 46. h3 Qf6 47. Be3
Rxc3 48. Rxc3 Bxc3 49. a3 Be5 50. Qd2 f4 51. Bc5 f3 52. g3 Qf5 53. g4 Qf6 54.
Qh6 Qg7 55. Qxg7+ Kxg7 56. Bb6 Nf4 57. Kf1 Nd3 58. Bc2 Nb2 59. Rc1 Nc4 60. Bc5
Nxa3 61. Bb3 Nc4 62. Rd1 Kf6 63. Be3 Bc3 64. Bd4+ Bxd4 65. Rxd4 Ke5 66. Rd1 Be6
67. Ke1 Nb2 68. Ra1 Nd3+ 69. Kf1 Bc8 70. Rd1 Bb7 71. Ra1 Nxb4 72. Rc1 Nc6 73.
Rc5 Nd4 74. Ba2 Bc6 75. Ke1 Kd6 76. Rc1 b4 77. Kd2 Ne2 78. Ra1 Nc3 79. Bb3 Bb5
80. h4 Kc5 81. h5 gxh5 82. gxh5 Ne2 83. Bd1 Nf4 84. h6 Nd3 85. Ke3 Bc4 86. Bc2
b3 87. Bxb3 Bb5 88. Rg1 Bd7 89. Rg7 Bf5 90. Rg5 Be6 91. Rg7 Bf5 92. Rg5 Be6 93.
Rg7 1/2-1/2

[Event "XIV Festival A"]
[Site "Robecchetto con Induno ITA"]
[Date "2002.12.27"]
[Round "3"]
[White "Strada, Stefano"]
[Black "Corti, Corrado"]
[Result "0-1"]
[WhiteElo "1791"]
[BlackElo "2030"]
[PlyCount "54"]
[EventDate "2002.12.26"]

1. c4 c5 2. Nc3 Nc6 3. g3 Nf6 4. Bg2 e6 5. e4 d6 6. Nge2 Be7 7. d3 O-O 8. O-O
Bd7 9. h3 a6 10. Be3 Rb8 11. a4 e5 12. f4 exf4 13. Nxf4 Ne5 14. Nfd5 Nxd5 15.
Nxd5 Bg5 16. Qd2 Bxe3+ 17. Nxe3 Qg5 18. Kh2 Qh6 19. Rf2 b5 20. axb5 axb5 21. b3
bxc4 22. Nxc4 Ng4+ 23. Kg1 Nxf2 24. Qxh6 gxh6 25. Kxf2 Rxb3 26. Ke3 Bb5 27.
Nxd6 Rxd3+ 0-1

[Event "XIV Festival A"]
[Site "Robecchetto con Induno ITA"]
[Date "2002.12.27"]
[Round "3"]
[White "Ticozzi, Stefano"]
[Black "Bianchi, Alberto"]
[Result "1-0"]
[WhiteElo "1851"]
[BlackElo "2044"]
[PlyCount "95"]
[EventDate "2002.12.26"]

1. d4 e6 2. Nf3 b6 3. e3 Nf6 4. Bd3 d5 5. Nbd2 Bb7 6. O-O Bd6 7. b3 O-O 8. Bb2
Nbd7 9. Qe2 a5 10. a4 c5 11. Ne5 Qc7 12. f4 Ne8 13. Ndf3 f6 14. Nxd7 Qxd7 15.
Rac1 Nc7 16. Nd2 Rae8 17. Qg4 f5 18. Qe2 Be7 19. Nf3 Ra8 20. Ne5 Qe8 21. Ra1
Bd6 22. Rfd1 Bxe5 23. fxe5 Qe7 24. Ba3 Rfc8 25. Rf1 Na6 26. Rfc1 Nb4 27. Bb5
cxd4 28. exd4 Qh4 29. c3 Rxc3 30. Rxc3 Qxd4+ 31. Qe3 Qxe3+ 32. Rxe3 Nc2 33.
Ree1 d4 34. Bc4 Kf7 35. Bd6 Be4 36. Rac1 Nxe1 37. Rxe1 Rc8 38. Rd1 b5 39. axb5
a4 40. b6 axb3 41. Bxb3 Rc3 42. Ba4 d3 43. Rd2 g5 44. Kf2 f4 45. Bd1 Ra3 46.
Bf3 Bxf3 47. Kxf3 Rb3 48. Bc7 1-0

[Event "XIV Festival A"]
[Site "Robecchetto con Induno ITA"]
[Date "2002.12.27"]
[Round "3"]
[White "Tomasi, Diego"]
[Black "Isella, Lorenzo"]
[Result "1/2-1/2"]
[WhiteElo "2037"]
[BlackElo "1720"]
[PlyCount "108"]
[EventDate "2002.12.26"]

1. d4 d5 2. Nf3 Nf6 3. g3 c6 4. Bg2 Bf5 5. O-O e6 6. c4 Be7 7. Nc3 Ne4 8. Qb3
Qb6 9. Ne5 Qxb3 10. axb3 Nd7 11. Nxd7 Kxd7 12. Nxe4 dxe4 13. Bd2 a6 14. h3 h5
15. Bc3 f6 16. b4 Bd6 17. e3 Ke7 18. Ra2 Bg6 19. Rfa1 Rac8 20. h4 Rhd8 21. Bf1
Be8 22. Bh3 Bc7 23. Bg2 f5 24. Bf1 e5 25. dxe5 Ke6 26. Be2 Bxe5 27. Kf1 Bxc3
28. bxc3 Rd6 29. c5 Rdd8 30. Ke1 g6 31. Rd1 Rxd1+ 32. Kxd1 Rd8+ 33. Rd2 Rxd2+
34. Kxd2 Bf7 35. c4 Kd7 36. Kc3 Ke6 37. Kd4 Be8 38. f3 exf3 39. Bxf3 Bd7 40. e4
fxe4 41. Bxe4 Kf6 42. b5 Be8 43. b6 Bd7 44. Bf3 Ke6 45. Ke4 Kf6 46. Kf4 a5 47.
Bd1 Bf5 48. Ba4 Bd7 49. Ke4 Bf5+ 50. Kf4 Bd7 51. Bd1 Bf5 52. Bf3 Bd7 53. Bd1
Bf5 54. Ke3 Ke5 1/2-1/2

[Event "XIV Festival A"]
[Site "Robecchetto con Induno ITA"]
[Date "2002.12.28"]
[Round "4"]
[White "Bianchi, Alberto"]
[Black "Cillo, Angelo"]
[Result "1/2-1/2"]
[WhiteElo "2044"]
[BlackElo "1677"]
[PlyCount "179"]
[EventDate "2002.12.26"]

1. e4 e5 2. Nf3 Nc6 3. Bb5 a6 4. Ba4 Nf6 5. O-O Nxe4 6. Re1 Nc5 7. Nxe5 Nxe5 8.
Rxe5+ Be7 9. Bb3 d6 10. Re1 O-O 11. Bd5 c6 12. Bf3 Bf5 13. d4 Ne6 14. d5 Ng5
15. Bxg5 Bxg5 16. dxc6 bxc6 17. Bxc6 Rb8 18. b3 Qc7 19. Be4 Bf6 20. c3 Bxe4 21.
Rxe4 Rfe8 22. Rc4 Qa5 23. b4 Qe5 24. Na3 d5 25. Rc5 Rxb4 26. cxb4 Qxa1 27. Qxa1
Bxa1 28. Nc2 d4 29. Rd5 Kf8 30. Kf1 Bc3 31. a4 Re6 32. g4 Re4 33. f3 Rf4 34.
Ke2 Ke7 35. Ra5 Rf6 36. Re5+ Kd6 37. Ra5 h6 38. Rh5 Kc6 39. b5+ axb5 40. axb5+
Kc7 41. Rd5 Rf4 42. h4 Kb6 43. Na3 Kc7 44. Kf2 Rf6 45. Nc4 Re6 46. f4 Be1+ 47.
Kf3 Bxh4 48. Rxd4 Re1 49. b6+ Kb8 50. Rd7 Rf1+ 51. Ke3 Re1+ 52. Kd2 Re7 53.
Rd8+ Kb7 54. Nd6+ Kxb6 55. Nc8+ Kc7 56. Nxe7 Kxd8 57. Nf5 Bf6 58. Kd3 Kd7 59.
Ke4 Bb2 60. Kd5 Ke8 61. Kc6 Kf8 62. Kd5 Bc1 63. Ke4 Kg8 64. Ne7+ Kh7 65. f5 Bg5
66. Nc6 Kg8 67. Ne5 Kf8 68. Kd5 Ke7 69. Ke4 Bf6 70. Nc6+ Kd6 71. Nb4 Ba1 72.
Nd3 Ke7 73. Ne1 Kf6 74. Nf3 Bb2 75. Kd5 h5 76. gxh5 Kxf5 77. Kd6 Kf4 78. Nd2
Kg5 79. Nc4 Ba1 80. Ke7 f5 81. Nd6 f4 82. Ke6 f3 83. Ne4+ Kf4 84. Kd5 Ke3 85.
Ng3 f2 86. Nf1+ Ke2 87. Ng3+ Ke1 88. Ke6 f1=Q 89. Nxf1 Kxf1 90. Kf7 1/2-1/2

[Event "XIV Festival A"]
[Site "Robecchetto con Induno ITA"]
[Date "2002.12.28"]
[Round "4"]
[White "Brioschi, Camillo"]
[Black "Orsenigo, Davide"]
[Result "1-0"]
[WhiteElo "1741"]
[BlackElo "1678"]
[PlyCount "91"]
[EventDate "2002.12.26"]

1. d4 Nf6 2. c4 c5 3. Nf3 g6 4. Nc3 Bg7 5. e4 cxd4 6. Nxd4 d6 7. Be2 Nc6 8. Be3
a6 9. O-O O-O 10. Qd2 Bd7 11. Rad1 Rc8 12. f3 Ne5 13. b3 Qc7 14. Nd5 Nxd5 15.
exd5 Rcd8 16. h3 Bc8 17. Bh6 Qc5 18. Bxg7 Kxg7 19. Kh1 Nd7 20. f4 Nf6 21. Qd3
e6 22. dxe6 fxe6 23. Bf3 e5 24. Ne2 h5 25. Be4 Nxe4 26. Qxe4 b6 27. fxe5 Rxf1+
28. Rxf1 dxe5 29. Qh4 Qd6 30. Ng3 Rf8 31. Rxf8 Kxf8 32. Qg5 Kf7 33. Qh6 Qd3 34.
Qh7+ Kf6 35. Qh8+ Kf7 36. Qxe5 Be6 37. Ne4 Qf1+ 38. Kh2 Bf5 39. Nd6+ Kg8 40.
Ne8 Kf8 41. Nd6 Bd7 42. Ne4 Bf5 43. Qf6+ Kg8 44. Qd8+ Kg7 45. Qf6+ Kh6 46. Qf8+
1-0

[Event "XIV Festival A"]
[Site "Robecchetto con Induno ITA"]
[Date "2002.12.28"]
[Round "4"]
[White "Corti, Corrado"]
[Black "Annoni, Riccardo"]
[Result "1/2-1/2"]
[WhiteElo "2030"]
[BlackElo "1858"]
[PlyCount "78"]
[EventDate "2002.12.26"]

1. d4 d5 2. g3 Nf6 3. Bg2 c6 4. Nf3 Bf5 5. O-O e6 6. b3 Bd6 7. Bb2 O-O 8. Nbd2
Nbd7 9. Rc1 Ne4 10. Nh4 Qg5 11. f4 Qd8 12. Nxf5 exf5 13. c4 Ndf6 14. Nxe4 Nxe4
15. Qd3 a6 16. Rc2 Rc8 17. Rfc1 Qd7 18. Qf3 Bb4 19. Qh5 g6 20. Qf3 Bd2 21. Rd1
Bb4 22. Rdc1 Rfe8 23. Qd3 Nf6 24. h3 Ne4 25. Kh2 Nf6 26. Bf3 Qe6 27. Rd1 Ne4
28. Kg2 Bf8 29. Rdc1 Bb4 30. Rd1 Bd6 31. Bxe4 Qxe4+ 32. Qxe4 fxe4 33. e3 Rc7
34. Rdc1 Bf8 35. Bc3 f6 36. Rf1 Kf7 37. g4 Be7 38. f5 Rcc8 39. Be1 g5 1/2-1/2

[Event "XIV Festival A"]
[Site "Robecchetto con Induno ITA"]
[Date "2002.12.28"]
[Round "4"]
[White "De Santis, Alessio"]
[Black "Cardani, Roberto"]
[Result "1-0"]
[WhiteElo "2267"]
[BlackElo "1722"]
[PlyCount "57"]
[EventDate "2002.12.26"]

1. d4 Nf6 2. c4 g6 3. Nc3 Bg7 4. e4 d6 5. Be2 O-O 6. Bg5 c5 7. d5 h6 8. Be3 Na6
9. Qd2 Kh7 10. f3 Nc7 11. g4 Nfe8 12. h4 Rh8 13. Nh3 e6 14. O-O-O Qe7 15. Rde1
Rb8 16. f4 exd5 17. exd5 f5 18. h5 fxg4 19. hxg6+ Kg8 20. Nf2 Nf6 21. Bd3 Qf8
22. f5 Bd7 23. Bf4 Re8 24. Re6 Rxe6 25. fxe6 Nxe6 26. dxe6 Bxe6 27. Re1 Bd7 28.
Nfe4 Nxe4 29. Bxe4 1-0

[Event "XIV Festival A"]
[Site "Robecchetto con Induno ITA"]
[Date "2002.12.28"]
[Round "4"]
[White "Di Majo, Carlo"]
[Black "Tomasi, Diego"]
[Result "0-1"]
[WhiteElo "1800"]
[BlackElo "2037"]
[PlyCount "131"]
[EventDate "2002.12.26"]

1. d4 Nf6 2. Nf3 g6 3. Bf4 c5 4. e3 Qb6 5. Qc1 Bg7 6. c3 d6 7. h3 Bf5 8. Be2
Nc6 9. Nbd2 cxd4 10. exd4 Rc8 11. Nc4 Qd8 12. Bh6 O-O 13. Bxg7 Kxg7 14. O-O b5
15. Ne3 Be4 16. Qd1 Qb6 17. Ng5 e6 18. Nxe4 Nxe4 19. Qd3 d5 20. Qxb5 Rb8 21.
Qxb6 Rxb6 22. Nd1 Rfb8 23. Bd3 Nd6 24. Re1 Na5 25. Re2 Nac4 26. b3 Na3 27. Nb2
Nab5 28. Rc1 Rc6 29. Rec2 Rbc8 30. Na4 Na3 31. Rd2 Ndb5 32. Bxb5 Nxb5 33. Rd3
h5 34. Kf1 Nd6 35. Ke2 Ne4 36. f3 Ng3+ 37. Kd2 h4 38. Re1 Nh5 39. Ke3 g5 40.
Kf2 Nf4 41. Rd2 R8c7 42. Nc5 a5 43. b4 axb4 44. cxb4 Rb6 45. a3 Ra7 46. Re3 Kf6
47. Rb2 Ng6 48. a4 e5 49. dxe5+ Nxe5 50. Ree2 Rc6 51. Rb3 d4 52. Ne4+ Kf5 53.
a5 d3 54. Rd2 Rc2 55. Ke1 Rc1+ 56. Rd1 Rc2 57. Kf1 Rd7 58. a6 Nc4 59. Rbxd3
Ne3+ 60. Rxe3 Rxd1+ 61. Re1 Rxe1+ 62. Kxe1 Kf4 63. Nf2 Ra2 64. b5 Ra5 65. Nd1
Rxb5 66. Nc3 0-1

[Event "XIV Festival A"]
[Site "Robecchetto con Induno ITA"]
[Date "2002.12.28"]
[Round "4"]
[White "Isella, Lorenzo"]
[Black "Ticozzi, Stefano"]
[Result "0-1"]
[WhiteElo "1720"]
[BlackElo "1851"]
[PlyCount "132"]
[EventDate "2002.12.26"]

1. d4 Nf6 2. c4 c6 3. Nf3 d5 4. Nc3 e6 5. e3 Nbd7 6. Qc2 Bd6 7. Be2 O-O 8. O-O
Qe7 9. e4 Nxe4 10. Nxe4 dxe4 11. Qxe4 Nf6 12. Qc2 h6 13. Bd2 b6 14. Rad1 Bb7
15. Be3 c5 16. a3 Ng4 17. dxc5 bxc5 18. Bc1 Rad8 19. g3 Qf6 20. Qb3 Ba8 21. Qc3
Qxc3 22. bxc3 Bc6 23. h3 Nf6 24. Be3 Ne4 25. Rd3 Rfe8 26. Nd2 Nxd2 27. Rxd2 Be7
28. Rb2 Rb8 29. Rfb1 Rxb2 30. Rxb2 Rd8 31. Kf1 Kf8 32. a4 Ke8 33. Bf4 Bd6 34.
Be3 Kd7 35. Bh5 g6 36. Be2 h5 37. Bg5 Rb8 38. Rd2 Rb1+ 39. Rd1 Rxd1+ 40. Bxd1
Kc7 41. Ke1 Kb6 42. Bd8+ Ka6 43. Bc2 Kb7 44. Kd2 Bc7 45. Be7 Bb6 46. Kc1 Bg2
47. h4 Bf3 48. Bd3 Ka6 49. Kb2 Bd1 50. Bc2 Bxc2 51. Kxc2 Ka5 52. Kb3 e5 53. Bd6
e4 54. Bb8 Ka6 55. Bd6 Kb7 56. a5 Bxa5 57. Bxc5 Bb6 58. Bd4 Bd8 59. Kb4 Be7+
60. Kb5 a6+ 61. Ka5 Bd8+ 62. Ka4 Kc6 63. Be3 f6 64. Bd4 g5 65. hxg5 fxg5 66.
Be3 h4 0-1

[Event "XIV Festival A"]
[Site "Robecchetto con Induno ITA"]
[Date "2002.12.28"]
[Round "4"]
[White "Lucchese, Paolo"]
[Black "Strada, Stefano"]
[Result "1-0"]
[WhiteElo "1836"]
[BlackElo "1791"]
[PlyCount "77"]
[EventDate "2002.12.26"]

1. e4 e6 2. d4 b6 3. Bd3 Bb7 4. Nf3 Nf6 5. Qe2 d6 6. Nbd2 c5 7. c3 Be7 8. O-O
Nc6 9. a3 Qc7 10. Re1 Nd7 11. Nf1 Bf6 12. Be3 e5 13. d5 Ne7 14. Ng3 h6 15. Nh5
g6 16. Nxf6+ Nxf6 17. h3 Bc8 18. Nd2 g5 19. Qf3 Nh7 20. b4 Ng6 21. bxc5 bxc5
22. Reb1 O-O 23. Nf1 f5 24. exf5 Nh4 25. Qh5 Bxf5 26. Bxf5 Nxf5 27. Qd1 Qf7 28.
Rb2 Rab8 29. Rab1 Rxb2 30. Rxb2 Nf6 31. c4 Nd4 32. Ng3 Qg6 33. Qa4 Rf7 34. Qa6
Nh5 35. Nxh5 Qxh5 36. Qxd6 Qd1+ 37. Kh2 Ne2 38. Qg6+ Kf8 39. Bxc5+ 1-0

[Event "XIV Festival A"]
[Site "Robecchetto con Induno ITA"]
[Date "2002.12.28"]
[Round "4"]
[White "Moncelli, Giorgio"]
[Black "Borroni, Enrico"]
[Result "1/2-1/2"]
[WhiteElo "2166"]
[BlackElo "1950"]
[PlyCount "128"]
[EventDate "2002.12.26"]

1. e4 c6 2. d4 d5 3. Nc3 dxe4 4. Nxe4 Bf5 5. Ng3 Bg6 6. h4 h6 7. Nf3 Nd7 8. h5
Bh7 9. Bd3 Bxd3 10. Qxd3 Qc7 11. Bd2 e6 12. O-O-O Ngf6 13. Qe2 O-O-O 14. Ne5
Nb6 15. Ba5 Rd5 16. Bxb6 axb6 17. c4 Rd8 18. Kb1 Bd6 19. f4 Rhe8 20. Rhf1 Kb8
21. a3 c5 22. dxc5 bxc5 23. Rd3 Bxe5 24. Rxd8+ Rxd8 25. fxe5 Ne8 26. Qe3 Rd4
27. Rf4 Rxf4 28. Qxf4 f6 29. Ne4 b6 30. Qd2 fxe5 31. Nc3 Qd6 32. Qc2 Nf6 33.
Nb5 Qd7 34. Qc3 e4 35. Qe5+ Ka8 36. Ka2 Kb7 37. g4 Ka8 38. g5 Ne8 39. Qxe4+ Kb8
40. gxh6 gxh6 41. Qf4+ Kb7 42. Qxh6 Nc7 43. Nxc7 Kxc7 44. Qf4+ Kb7 45. Qe4+ Ka7
46. h6 Qd6 47. h7 Qh2 48. Qg6 Qh4 49. Qg7+ Ka6 50. b3 Qh2+ 51. Kb1 Qh1+ 52. Kc2
Qe4+ 53. Kd2 Qf4+ 54. Ke2 Qe4+ 55. Kf2 Qf4+ 56. Kg2 Qe4+ 57. Kg3 Qe1+ 58. Kf4
Qf2+ 59. Kg5 Qf5+ 60. Kh4 Qf4+ 61. Kh3 Qf3+ 62. Kh2 Qf2+ 63. Qg2 Qh4+ 64. Kg1
Qe1+ 1/2-1/2

[Event "XIV Festival A"]
[Site "Robecchetto con Induno ITA"]
[Date "2002.12.28"]
[Round "4"]
[White "Mrdja, Milan"]
[Black "Aranovitch, Emiliano"]
[Result "1/2-1/2"]
[WhiteElo "2368"]
[BlackElo "2192"]
[PlyCount "49"]
[EventDate "2002.12.26"]

1. e4 c5 2. Nf3 d6 3. d4 cxd4 4. Nxd4 Nf6 5. Nc3 Nc6 6. Bg5 e6 7. Qd2 Nxd4 8.
Qxd4 Be7 9. O-O-O O-O 10. f4 Qa5 11. Bc4 Bd7 12. e5 dxe5 13. Qxe5 Qb6 14. Rhe1
Bc6 15. f5 Ng4 16. Qf4 Bxg5 17. Qxg5 exf5 18. Rd2 Qc5 19. Bd5 Rae8 20. Rxe8
Rxe8 21. Qxf5 Bxd5 22. Qxg4 Bc6 23. Qd1 Qg5 24. g3 Rd8 25. Qe1 1/2-1/2